| 000 | 01715nam a22003855a 4500 | ||
|---|---|---|---|
| 003 | EG-ScBUE | ||
| 005 | 20220626143612.0 | ||
| 006 | m||||fq||h 00| 0 | ||
| 008 | 161229m20132014enka f 000 0 eng d | ||
| 020 | _a9781133315711 | ||
| 020 | _a978133315698 | ||
| 020 | _a978133315735 | ||
| 040 |
_aEG-ScBUE _beng _erda _cEG-ScBUE _dEG-ScBUE |
||
| 082 | 0 | 4 |
_a428.34 _bDUM _222 |
| 100 | 1 |
_aDummett, Paul, _eauthor. |
|
| 245 | 1 | 0 |
_aLife. _pStudent's book / _cPaul Dummett, John Hughes, Helen Stephenson. |
| 246 | 3 | 0 | _aStudent's book |
| 264 | 1 |
_aAndover, Hampshire : _bNational Geographic Learning : _bCengage Learning, _c[between 2013-2014] |
|
| 300 |
_a3 volumes : _billustrations ; _c30 cm + _e1 DVD |
||
| 336 |
_2rdacontent _atext _btxt |
||
| 336 |
_2rdacontent _atwo-dimensional moving image _btdi |
||
| 337 |
_2rdamedia _aunmediated _bn |
||
| 337 |
_2rdamedia _avideo _bv |
||
| 338 |
_2rdacarrier _avolume _bnc |
||
| 338 |
_2rdacarrier _avideodisc _bvd |
||
| 505 | 0 | _aElementary -- Intermediate -- Advanced -- Upper intermediate. | |
| 520 | _a"Welcome to Life, an exciting new six-level adult series that turns learning English into an exploration of the world we live in. Drawing on National Geographic content, Life transforms the learning experience into a fabulous journey with irresistible images, articles and videos that engage students like no series before. Bring Life into your classroom!" | ||
| 650 | 7 |
_aEnglish language _xGrammar. _2BUEsh |
|
| 650 | 7 |
_aEnglish language _xStudy and teaching _xForeign speakers. _2BUEsh |
|
| 653 |
_bHHUUEENN _cJanuary2017 |
||
| 655 |
_vReading book _934232 |
||
| 700 | 1 |
_aStephenson, Helen, _eauthor. |
|
| 700 | 1 |
_aHughes, John, _d1966- _eauthor. |
|
| 942 |
_2ddc _cBB |
||
| 999 |
_c23786 _d23758 |
||